000 00634nam a2200193Ia 4500
003 GCL
008 140319s9999 xx 000 0 ara d
040 _aGCL /
_cGCL
082 0 4 _aد
_b050
_bم ح
245 1 0 _aحصاد الفكر العدد 170 يونيو 2006
260 _aالقاهرة :
_bمركز الاعلام العربى ،
_c2006
650 0 4 _aالتنمية الادارية
650 0 4 _aتقييم الاداء
650 0 4 _aمصر - الاحوال السياسية
650 0 4 _aمصر - الاحزاب السياسية
650 0 4 _aمصر - الدستور
650 0 4 _aالقضاء - مصر
942 _2ddc
_cCR
999 _c8776
_d8776